000 00898cam a2200277 4500
001 4609040
003 ARRUPE
005 20221121103350.0
008 710305s1970 enk b 001 0 eng
010 _a 76540412
015 _aB70-27423
020 _a0198266243
028 _bArrupe
040 _aDLC
_cDLC
_dDLC
050 0 0 _aBL625
_b.Z17
082 0 0 _a291
100 1 _aZaehner, R. C.
_q(Robert Charles),
_d1913-1974.
_951870
245 1 0 _aConcordant discord:
_bthe interdependence of faiths: being the Gifford lectures on natural religion delivered at St. Andrews in 1967-1969,
_cby R. C. Zaehner.
260 _aOxford,
_bClarendon P.,
_c1970.
300 _a 464 p.
_c24 cm.
350 _a80/-
504 _aIncludes bibliographical references.
650 0 _aMysticism
_vComparative studies.
_951871
906 _a7
_bcbc
_corignew
_d3
_encip
_f19
_gy-gencatlg
942 _2lcc
_cMONOGRAPH
999 _c131542
_d131542